000 nam a22 7a 4500
999 _c9647
_d9647
008 180206b ||||| |||| 00| 0 eng d
100 _aRavi,S.
_95773
245 _aZonal Road Atlas of India
260 _aChennai
_bTTK
_c2004